Central Library OPAC University of Rajshahi

শুন্য দশকের নির্বাচিত প্রবন্ধ / (Record no. 38864)

MARC details
000 -LEADER
fixed length control field 00825nam a2200229 a 4500
001 - CONTROL NUMBER
control field 38864
003 - CONTROL NUMBER IDENTIFIER
rucl marc code BD-RjUL
005 - DATE AND TIME OF LATEST TRANSACTION
control field 20211209052856.0
008 - FIXED-LENGTH DATA ELEMENTS--GENERAL INFORMATION
fixed length control field 160423s2015 bg ||||e |||| 00| 0 ben d
020 ## - INTERNATIONAL STANDARD BOOK NUMBER
International Standard Book Number 9789849151951
Terms of availability : Tk.400.00
035 ## - SYSTEM CONTROL NUMBER
System control number (BD-RjUL)38974
040 ## - CATALOGING SOURCE
Original cataloging agency BD-RjUL
Language of cataloging ben
Transcribing agency BD-RjUL
041 ## - LANGUAGE CODE
Language code of text/sound track or separate title ben
082 ## - DEWEY DECIMAL CLASSIFICATION NUMBER
Edition number 23
Classification number 891.444
Author mark and year SHU 2015.
245 00 - TITLE STATEMENT
Title শুন্য দশকের নির্বাচিত প্রবন্ধ /
Statement of responsibility, etc. কাফি কামাল সম্পাদিত
260 ## - PUBLICATION, DISTRIBUTION, ETC. (IMPRINT)
Place of publication, distribution, etc. ঢাকা :
Name of publisher, distributor, etc. জয়তি,
Date of publication, distribution, etc. ২০১৫.
300 ## - PHYSICAL DESCRIPTION
Pagination ২৬৮ পৃ. ;
Size ২১সেমি
650 ## - SUBJECT ADDED ENTRY--TOPICAL TERM
Topical term or geographic name as entry element বাংলা প্রবন্ধ
9 (RLIN) 119917
Topical term or geographic name as entry element Bengali Eassy
9 (RLIN) 119918
700 ## - ADDED ENTRY--PERSONAL NAME
Personal name কামাল, কাফি সম্পাদিত
942 ## - ADDED ENTRY ELEMENTS (KOHA)
Source of classification or shelving scheme Dewey Decimal Classification
Koha item type Books
Holdings
Lost status Source of classification or shelving scheme Damaged status Not for loan Permanent Location Current Location Shelving location Date acquired Source of acquisition Cost, normal purchase price Total Checkouts Full call number Date last seen Copy number Koha item type Date checked out
  Dewey Decimal Classification   Not For Loan Central Library, University of Rajshahi Central Library, University of Rajshahi Reading Room 20/06/2023 joyotee,dhaka. 400.00   B 891.444 SHU 2015 19/03/2016 C-1 Books  
  Dewey Decimal Classification     Central Library, University of Rajshahi Central Library, University of Rajshahi   20/06/2023 joyotee,dhaka. 400.00 1 B 891.444 SHU 2015 12/10/2017 C-2 Books 26/09/2017
  Dewey Decimal Classification     Central Library, University of Rajshahi Central Library, University of Rajshahi   20/06/2023 joyotee,dhaka. 400.00   B 891.444 SHU 2015 19/03/2016 C-3 Books